| 000 | 01092cam a2200337 a 4500 | ||
|---|---|---|---|
| 001 | 15045059 | ||
| 003 | OSt | ||
| 005 | 20140310181720.0 | ||
| 008 | 071015r20071998ctua b 001 0 eng d | ||
| 010 | _a 2007299570 | ||
| 020 | _a9781934389096 (pbk.) | ||
| 020 | _a1934389099 (pbk.) | ||
| 035 | _a(OCoLC)ocn166275985 | ||
| 040 |
_aDPL _cDPL _dBTCTA _dBAKER _dYDXCP _dDLC |
||
| 042 | _alccopycat | ||
| 050 | 0 | 0 |
_aB 831.2 _b.P882 1998 |
| 082 | 0 | 4 |
_aIB 149.97 _2P87 1998 |
| 100 | 1 |
_aPowell, Jim. _d1946- |
|
| 245 | 1 | 0 |
_aPostmodernism for beginners / _cJim Powell. |
| 250 | _aReprint ed. | ||
| 260 |
_aDanbury, CT : _bFor Beginners LLC, _cc1998. |
||
| 300 |
_a163 p. : _bill. ; _c23 cm. |
||
| 650 | 0 | _aPostmodernism. | |
| 650 | 0 |
_aPhilosophy, Modern _y20th century. |
|
| 650 | 0 |
_aArts, Modern _y20th century. |
|
| 856 | 4 | 2 |
_3Publisher description _uhttp://www.loc.gov/catdir/enhancements/fy0804/2007299570-d.html |
| 906 |
_a7 _bcbc _ccopycat _d2 _encip _f20 _gy-gencatlg |
||
| 942 |
_2lcc _cBK |
||
| 999 |
_c1957 _d1957 |
||